Ageless body, timeless mind : (Record no. 4239)

MARC details
000 -LEADER
fixed length control field 00486cam a2200181ua 4500
008 - FIXED-LENGTH DATA ELEMENTS--GENERAL INFORMATION
fixed length control field 120816n enk |||gr||||Z||||||eng
020 ## - INTERNATIONAL STANDARD BOOK NUMBER
International Standard Book Number 97818441330443
020 ## - INTERNATIONAL STANDARD BOOK NUMBER
International Standard Book Number 184413044-4
040 ## - CATALOGING SOURCE
Transcribing agency MAIN
082 ## - DEWEY DECIMAL CLASSIFICATION NUMBER
Classification number 612.67
100 ## - MAIN ENTRY--PERSONAL NAME
Personal name Chopra, Deepak,
Relator term
245 11 - TITLE STATEMENT
Title Ageless body, timeless mind :
Remainder of title a practical alternative to growing old /
Statement of responsibility, etc. by Deepak chopra .
250 ## - EDITION STATEMENT
Edition statement 1st.
260 ## - PUBLICATION, DISTRIBUTION, ETC.
Place of publication, distribution, etc. London,:
Name of publisher, distributor, etc. Rider,
Date of publication, distribution, etc. 2003.
300 ## - PHYSICAL DESCRIPTION
Extent 357p:
Dimensions 15cm.
942 ## - ADDED ENTRY ELEMENTS (KOHA)
Koha item type Books
Holdings
Withdrawn status Lost status Damaged status Not for loan Home library Current library Shelving location Date acquired Total Checkouts Full call number Barcode Date last seen Date last checked out Copy number Price effective from Koha item type
        Central Library, Naharkatiya College Central Library, Naharkatiya College General Stacks 19/09/2020 1 612.67 | CHO 16986 19/09/2023 08/09/2023 1 19/09/2020 Books

Naharkatiya College © 2020. All rights reserved.

Powered By